Shakespeare and others / (Record no. 24150)

000 -LEADER
fixed length control field 01053cam a2200289 a 4500
001 - CONTROL NUMBER
control field 1879897
005 - DATE AND TIME OF LATEST TRANSACTION
control field 20170128090223.0
008 - FIXED-LENGTH DATA ELEMENTS--GENERAL INFORMATION
fixed length control field 831005s1985 dcu b 001 0 eng
010 ## - LIBRARY OF CONGRESS CONTROL NUMBER
LC control number 83049009
020 ## - INTERNATIONAL STANDARD BOOK NUMBER
International Standard Book Number 0918016673
040 ## - CATALOGING SOURCE
Original cataloging agency DLC
Transcribing agency DLC
Modifying agency DLC
-- OCoLC
043 ## - GEOGRAPHIC AREA CODE
Geographic area code e-uk---
050 00 - LIBRARY OF CONGRESS CALL NUMBER
Classification number PR2899
Item number .S314 1984
100 1# - MAIN ENTRY--PERSONAL NAME
Personal name Schoenbaum, S.
Fuller form of name (Samuel),
Dates associated with a name 1927-1996.
245 10 - TITLE STATEMENT
Title Shakespeare and others /
Statement of responsibility, etc. S. Schoenbaum.
260 ## - PUBLICATION, DISTRIBUTION, ETC. (IMPRINT)
Place of publication, distribution, etc. Washington :
Name of publisher, distributor, etc. Folger Shakespeare Library ;
Place of publication, distribution, etc. London :
Name of publisher, distributor, etc. Scolar Press,
Date of publication, distribution, etc. c1984
300 ## - PHYSICAL DESCRIPTION
Extent 285 p. :
Dimensions 24 cm.
500 ## - GENERAL NOTE
General note "Folger books."
504 ## - BIBLIOGRAPHY, ETC. NOTE
Bibliography, etc Includes bibliographical references and index.
600 10 - SUBJECT ADDED ENTRY--PERSONAL NAME
Personal name Shakespeare, William,
Dates associated with a name 1564-1616.
650 #0 - SUBJECT ADDED ENTRY--TOPICAL TERM
Topical term or geographic name as entry element English drama
Chronological subdivision 17th century
General subdivision History and criticism.
650 #0 - SUBJECT ADDED ENTRY--TOPICAL TERM
Topical term or geographic name as entry element Dramatists, English
Chronological subdivision Early modern, 1500-1700
General subdivision Biography.
942 ## - ADDED ENTRY ELEMENTS (KOHA)
Source of classification or shelving scheme
Koha item type Hard Covered Materials
Classification part PR2899 .S314 1984
Holdings
Withdrawn status Lost status Source of classification or shelving scheme Damaged status Not for loan Home library Current library Shelving location Date acquired Source of acquisition Total Checkouts Full call number Barcode Date last seen Date last checked out Price effective from Koha item type
          MACHAKOS UNIVERSITY LIBRARY MACHAKOS UNIVERSITY LIBRARY Technical section 28/01/2017 Donation(BFA) 1 PR2899 .S314 1984 32525 21/02/2022 03/02/2022 28/01/2017 Hard Covered Materials
© Machakos University Library, Along The Highway, Machakos Wote Rd, Machakos, Kenya P.O. Box 136 - 90100 Machakos - Kenya

Tel: ( +254 ) 723 805829 OR Fax : 044-20353 OR Email: library@mksu.ac.ke